[Event "WYg18"]
[Site "Halkidiki GRE"]
[Date "2003.10.27"]
[Round "5"]
[White "Zawadzka,J"]
[Black "Paridar,S"]
[Result "1/2-1/2"]
[WhiteElo "2228"]
[BlackElo "2253"]

1.e4 c5 2.Nf3 Nc6 3.d4 cxd4 4.Nxd4 Qc7 5.Nc3 e6 6.Be3 a6 7.Qd2 Nf6 8.f3 b5
9.Nxc6 dxc6 10.a4 b4 11.Na2 c5 12.b3 Bb7 13.Bd3 Bd6 14.Rd1 O-O 15.g3 Rad8
16.O-O Qc6 17.Qf2 Nd7 18.c3 Ne5 19.Bc2 f5 20.Bf4 Qc7 21.Qe2 a5 22.exf5 Nxf3+
23.Rxf3 Bxf3 24.Qxe6+ Kh8 25.Bxd6 Qa7 26.Re1 c4+ 27.Kf1 Bg4 28.Bxf8 Bh3+
29.Ke2 Bg4+  1/2-1/2

[Event "WYb16"]
[Site "Halkidiki GRE"]
[Date "2003.10.28"]
[Round "6"]
[White "Bellaiche,A"]
[Black "Gorovets,A"]
[Result "1-0"]
[WhiteElo "2454"]
[BlackElo "2356"]

1.e4 c5 2.Nf3 Nc6 3.d4 cxd4 4.Nxd4 Qb6 5.Nb3 Nf6 6.Nc3 e6 7.Be3 Qc7 8.Bd3 Bb4
9.O-O Bxc3 10.bxc3 d5 11.Bc5 b6 12.Ba3 Bb7 13.Nd4 Nxd4 14.cxd4 dxe4 15.Bb5+ Bc6
16.Ba6 b5 17.d5 Nxd5 18.c4 bxc4 19.Bxc4 O-O-O 20.Ba6+ Kb8 21.Rc1 Qd7 22.Qc2 Bb7
23.Qb2 f6 24.Bb5 Qf7 25.Bc5 Rc8 26.Qa3 Nb6 27.Bxb6 axb6 28.Qd6+ Ka7 29.Bd7 Qf8
30.Qxe6 Rc5 31.h3 Bd5 32.Qf5 Qd6 33.Rxc5 Qxc5 34.Qf4 Rd8 35.Rc1 Qxc1+ 36.Qxc1 Rxd7
37.Qc8 Rb7 38.a3 Bf7 39.Kh2 Bg6 40.Kg3 Re7 41.Qd8 Rf7 42.Kf4 Kb7 43.h4 h5
44.g4 Ka7 45.Qh8 Re7 46.gxh5 Be8 47.Qf8  1-0

[Event "3rd Rohde Open"]
[Site "Sautron FRA"]
[Date "2003.11.01"]
[Round "8"]
[White "Sasu Ducsoara,An"]
[Black "Maze,S"]
[Result "0-1"]
[WhiteElo "2182"]
[BlackElo "2464"]

1.e4 c5 2.Nf3 Nc6 3.d4 cxd4 4.Nxd4 Qc7 5.Be2 Nf6 6.Nc3 e6 7.O-O a6 8.Kh1 Nxd4
9.Qxd4 Bc5 10.Qd3 b5 11.f4 Bb7 12.Bf3 h5 13.e5 Ng4 14.Bxb7 Qxb7 15.Ne4 Be7
16.b3 h4 17.h3 Nh6 18.Be3 Nf5 19.Bf2 O-O 20.c4 Qc6 21.cxb5 axb5 22.Rfc1 Rxa2
23.Rxc6 Rxa1+ 24.Kh2 dxc6 25.Qc3 Ra6 26.Bc5 Bxc5 27.Nxc5 Ra2 28.Nd7 Rd8 29.Qxc6 Rd2
30.Nc5 Ne3 31.Nb7 R8d5  0-1

[Event "WYb18"]
[Site "Halkidiki GRE"]
[Date "2003.11.02"]
[Round "11"]
[White "Heberla,B"]
[Black "Gajewski,G"]
[Result "1/2-1/2"]
[WhiteElo "2420"]
[BlackElo "2462"]

1.e4 c5 2.Nf3 Nc6 3.d4 cxd4 4.Nxd4 Qb6 5.Nb3 Nf6 6.Nc3 e6 7.Bd3 Be7 8.O-O O-O
9.Kh1 d6 10.Bg5 a6 11.f4 h6 12.Bh4 Nxe4 13.Nxe4 Bxh4 14.Nxd6 Be7 15.Nxc8 Raxc8
16.c3 Bf6 17.Qe2 g6 18.Rad1 Rcd8 19.Be4 Bg7  1/2-1/2

[Event "Ralston IM"]
[Site "San Francisco USA"]
[Date "2003.11.02"]
[Round "8"]
[White "Ho,M"]
[Black "Ilic,Z1"]
[Result "1/2-1/2"]
[WhiteElo "2176"]
[BlackElo "2379"]

1.e4 c5 2.Nf3 Nc6 3.d4 cxd4 4.Nxd4 Qb6 5.Nb3 Nf6 6.Nc3 e6 7.Bd3 a6 8.O-O Be7
9.a4 d6 10.a5 Qc7 11.Be3 O-O 12.Na4 Bd7 13.Nb6 Rab8 14.f4 Nb4  1/2-1/2

[Event "ch-UKR"]
[Site "Simferopol UKR"]
[Date "2003.11.04"]
[Round "1"]
[White "Rudenko,E"]
[Black "Zubarev,A1"]
[Result "1/2-1/2"]
[WhiteElo "2271"]
[BlackElo "2460"]

1.e4 c5 2.Nf3 Nc6 3.d4 cxd4 4.Nxd4 Qb6 5.Nb3 Nf6 6.Nc3 e6 7.Be3 Qc7 8.a3 a6
9.f4 d6 10.Be2 b5 11.O-O Be7 12.Bf3 Bb7 13.Qe1 O-O 14.g4 Rfe8 15.g5 Nd7 16.Qf2 Bf8
17.Bg2 Rac8 18.Ne2 b4 19.axb4 Nxb4 20.Nc3 d5 21.e5 Nc5 22.Nd4 Ne4 23.Nxe4 dxe4
24.c3 Nd3 25.Qd2 Bd5 26.Rxa6 Qb7 27.Rfa1 Nxb2 28.Bf1 Nc4 29.Bxc4 Bxc4 30.Ra7 Qb8
31.Rd7 Rc7 32.Rxc7 Qxc7 33.Nc2 Rd8 34.Bd4 Bd3 35.Ne1 Qc4 36.Qe3 Be2 37.Qxe4 Bg4
38.Ng2 Bh3 39.Kf2 Bf5 40.Qe3 Rb8 41.Qe2 Qc6 42.Re1 Rb3 43.Nh4 Bb1 44.Qf3 Qc4
45.Re3 g6 46.Qe2 Qd5 47.Kg3 Qb7 48.Qg2 Qa6 49.Qe2 Qa8 50.Qf3 Qb8 51.Qc6 h6
52.Nf3 Rb2 53.h4 Ba2 54.Qa6 Qc7 55.Qa7 Qc4 56.Re1 h5 57.Qa8 Qd3 58.Qe4  1/2-1/2

[Event "ch-UKR"]
[Site "Simferopol UKR"]
[Date "2003.11.05"]
[Round "2"]
[White "Bylino,O"]
[Black "Gasanov,E"]
[Result "1/2-1/2"]
[WhiteElo "2258"]
[BlackElo "2414"]

1.e4 c5 2.Nf3 Nc6 3.d4 cxd4 4.Nxd4 Qb6 5.Nb5 Nf6 6.Be3 Qd8 7.N1c3 a6 8.Nd4 e5
9.Nxc6 bxc6 10.Bc4 Bb4 11.O-O O-O 12.Bg5 h6 13.Bh4 d6 14.Qe2 Bg4 15.f3 Be6
16.Rad1 a5 17.Na4 Qe7 18.a3 Bc5+  1/2-1/2

[Event "1st Chesspangenberg Open"]
[Site "Buenos Aires ARG"]
[Date "2003.11.06"]
[Round "3"]
[White "Hungaski,R"]
[Black "Mahia,G"]
[Result "1-0"]
[WhiteElo "2145"]
[BlackElo "2377"]

1.e4 c5 2.Nf3 Nc6 3.d4 cxd4 4.Nxd4 Qc7 5.Nc3 e6 6.Be3 a6 7.Be2 Nf6 8.O-O d6
9.f4 Be7 10.Qe1 O-O 11.Qg3 Bd7 12.Bd3 b5 13.a3 Nxd4 14.Bxd4 Bc6 15.e5 Nh5
16.Qg4 g6 17.Rae1 Rad8 18.Kh1 dxe5 19.Bxe5 Bd6 20.Re3 f5 21.Qe2 Rfe8 22.Bxd6 Rxd6
23.Bxf5 Nxf4 24.Rxf4 gxf5 25.Rg3+ Kf8 26.Rh4 Re7 27.Qh5 Rg7 28.Qh6 Kg8 29.Qxh7+  1-0

[Event "ch-UKR"]
[Site "Simferopol UKR"]
[Date "2003.11.06"]
[Round "3"]
[White "Bakalov,E"]
[Black "Arzumanian,G"]
[Result "1-0"]
[WhiteElo "2332"]
[BlackElo "2427"]

1.e4 c5 2.Nf3 Nc6 3.d4 cxd4 4.Nxd4 Qb6 5.Nb3 Nf6 6.Bd3 e6 7.O-O a6 8.c4 d6
9.Nc3 Be7 10.Be3 Qc7 11.Rc1 Ne5 12.Be2 O-O 13.Nd2 b6 14.f4 Ng6 15.b4 Bb7
16.Qb3 Rfe8 17.g3 Rac8 18.Bf3 Nd7 19.Ne2 Bf8 20.a3 Qb8 21.Qd3 Ne7 22.Nc3 Red8
23.Bf2 Nc6 24.Rfd1 a5 25.Qb1 axb4 26.axb4 Ba8 27.Qb3 Kh8 28.Nb5 Na7 29.Nxa7 Qxa7
30.Nb1 Qa6 31.Na3 Nf6 32.Re1 d5 33.cxd5 Rxc1 34.Rxc1 exd5 35.Rd1 Rc8 36.exd5 Kg8
37.Nb1 Qb5 38.Kg2 Rd8 39.Rd4 Bc5 40.Nc3 Qa6 41.bxc5  1-0

[Event "ch-UKR"]
[Site "Simferopol UKR"]
[Date "2003.11.09"]
[Round "6"]
[White "Pasko,A"]
[Black "Gasanov,E"]
[Result "0-1"]
[WhiteElo "2303"]
[BlackElo "2414"]

1.e4 c5 2.Nf3 Nc6 3.d4 cxd4 4.Nxd4 Qb6 5.Nb3 Nf6 6.Nc3 e6 7.Be3 Qc7 8.a3 a6
9.Be2 b5 10.O-O Be7 11.f4 d6 12.Bf3 O-O 13.Qe2 Rb8 14.Kh1 Re8 15.e5 Nd7 16.Nd4 Nxd4
17.Bxd4 dxe5 18.fxe5 Bc5 19.Bxc5 Qxc5 20.Rae1 b4 21.axb4 Rxb4 22.Ne4 Qxe5
23.Bh5 Rf8 24.Qg4 a5 25.c4 g6 26.Ng5 gxh5 27.Qxh5 Qg7 28.Rf3 Qg6 29.Qh4 Kh8
30.Ref1 f5 31.Rg3 f4 32.Rg4 e5 33.Nf3 Qf6 34.Ng5 Qf5 35.Qh6 Qg6 36.Qxg6 hxg6
37.Rd1 Nf6 38.Rh4+ Kg8  0-1

[Event "ch-UKR"]
[Site "Simferopol UKR"]
[Date "2003.11.09"]
[Round "6"]
[White "Arutyunova,D"]
[Black "Nazarevich,V"]
[Result "1/2-1/2"]
[WhiteElo "2264"]
[BlackElo "2345"]

1.e4 c5 2.Nf3 Nc6 3.d4 cxd4 4.Nxd4 Qc7 5.c4 Nf6 6.Nc3 Nxe4 7.Nxe4 Qe5 8.Nb5 Qxe4+
9.Be2 Qe5 10.g3 Qb8 11.O-O d6 12.Re1 a6 13.Nc3 e6 14.c5 Be7 15.Bf4 e5 16.Nd5 exf4
17.Nxe7 Kxe7 18.Bc4+ Kf8 19.cxd6 Bf5 20.Qd5 Bg6 21.d7 Ne7 22.Qc5 Qd8 23.Rad1 f6
24.Rxe7 Qxe7 25.d8=Q+ Rxd8 26.Rxd8+ Be8 27.Rxe8+ Kxe8 28.Qc8+ Qd8 29.Qe6+ Qe7
30.Qc8+ Qd8  1/2-1/2

[Event "TCh-SLO"]
[Site "Celje SLO"]
[Date "2003.11.18"]
[Round "3"]
[White "Palac,M"]
[Black "Kozul,Z"]
[Result "1-0"]
[WhiteElo "2534"]
[BlackElo "2597"]

1.e4 c5 2.Nf3 Nc6 3.d4 cxd4 4.Nxd4 Qb6 5.Nb3 Nf6 6.Nc3 e6 7.Bd3 d6 8.O-O a6
9.a4 Na5 10.Be3 Qc7 11.Nxa5 Qxa5 12.f4 Be7 13.Qe1 Nd7 14.Kh1 Bf6 15.Nd5 Qxe1
16.Nxf6+ gxf6 17.Raxe1 Nc5 18.Bd4 Nxd3 19.cxd3 e5 20.Bf2 Bd7 21.Bh4 Rg8 22.Bxf6 Rc8
23.fxe5 Rc2 24.g3 Bxa4 25.Rc1 Rxc1 26.Rxc1 Rg6 27.Rc8+ Kd7 28.Rd8+ Kc6 29.Rxd6+ Kc5
30.Kg2 a5 31.Kf2 Bb3 32.d4+ Kc4 33.Rb6 Bc2 34.d5 Kc5 35.Rxb7 Bxe4 36.Rxf7 Kxd5
37.Rxh7 Kd4  1-0

[Event "TCh-SLO"]
[Site "Celje SLO"]
[Date "2003.11.18"]
[Round "3"]
[White "Crepan,M"]
[Black "Sax,G"]
[Result "0-1"]
[WhiteElo "2286"]
[BlackElo "2520"]

1.e4 c5 2.Nf3 Nc6 3.d4 cxd4 4.Nxd4 Qb6 5.Nb3 Nf6 6.Nc3 e6 7.a3 d6 8.Be2 Be7
9.O-O O-O 10.Be3 Qc7 11.f4 a6 12.Qe1  0-1

[Event "ch-GRE"]
[Site "Aspropyrgos GRE"]
[Date "2003.11.30"]
[Round "2"]
[White "Skaperdas,K"]
[Black "Banikas,H"]
[Result "0-1"]
[WhiteElo "2285"]
[BlackElo "2522"]

1.e4 c5 2.Nf3 Nc6 3.d4 cxd4 4.Nxd4 Qc7 5.Nc3 e6 6.Be3 a6 7.Qd2 Nf6 8.O-O-O Ng4
9.Bf4 Nge5 10.Nxc6 bxc6 11.Bg3 d6 12.Be2 Be7 13.h4 Rb8 14.h5 f6 15.f4 Nf7
16.Bh2 d5 17.f5 e5 18.exd5 Bxf5 19.dxc6 Qxc6 20.Nd5 Qb7 21.b3 O-O 22.Bd3 Qxd5
23.Bxf5 Qc5 24.Be6 Kh8 25.c4 Ng5 26.Bd5 Rfd8 27.Bg1 Qc7 28.Qc2 Bc5 29.Rd2 a5
30.Bxc5 Qxc5 31.Rhd1 a4 32.Rd3 axb3 33.Rxb3 Rbc8 34.Kb1 e4 35.Ka1 Qe7 36.Rb7 Rc7
37.Rxc7 Qxc7 38.Qc3 Qc5 39.h6 Qe7 40.hxg7+ Kxg7 41.Rb1 Qc5 42.Rf1 Rd6 43.Kb1 h6
44.Kc2 Kg6 45.Kd2 Ra6 46.a4 Qd6 47.a5 Qc5 48.Ke2 Rd6 49.Kd2 f5 50.Ke2 Rxd5  0-1

[Event "Kurent Women"]
[Site "Ptuj SLO"]
[Date "2003.12.01"]
[Round "3"]
[White "Kaps,D"]
[Black "Lakos,N"]
[Result "0-1"]
[WhiteElo "2202"]
[BlackElo "2370"]

1.e4 c5 2.Nf3 Nc6 3.d4 cxd4 4.Nxd4 Qc7 5.Nc3 e6 6.Be3 a6 7.Bd3 Nf6 8.O-O h5
9.h3 b5 10.a4 b4 11.Nce2 Ne5 12.f4 Nc4 13.Bxc4 Qxc4 14.Qd3 Qc7 15.e5 Nd5
16.Bf2 Bb7 17.Kh1 Rh6 18.Bh4 Rc8 19.Rae1 Ne7 20.f5 Qc4 21.Bg5 Rh8 22.Qd2 Nxf5
23.Qf4 g6 24.Rd1 Qd5 25.Nf3 Qe4 26.Qd2 Bc6 27.Rfe1 Bxa4 28.Ned4 Qb7 29.b3 Bc6
30.Nxf5 gxf5 31.Nd4 Bd5 32.Re2 Be4 33.Qe3 Rc3 34.Qd2 Rxh3+ 35.Kg1 Rg3 36.Bf4 Rg4
37.Kf1 Rhg8 38.g3 h4 39.Rxe4 fxe4 40.Ne2 hxg3 41.Nxg3 Rxg3 42.Bxg3 Rxg3  0-1

[Event "II Manuel Pereyra Puebla Mem"]
[Site "Mendoza ARG"]
[Date "2003.12.07"]
[Round "3"]
[White "Aguilar,M"]
[Black "Panno,O"]
[Result "0-1"]
[WhiteElo "2140"]
[BlackElo "2485"]

1.e4 c5 2.Nf3 Nc6 3.d4 cxd4 4.Nxd4 Qb6 5.Nb3 Nf6 6.Nc3 e6 7.Be3 Qc7 8.f3 Bb4
9.Bd2 O-O 10.Bd3 d5 11.O-O dxe4 12.fxe4 Ne5 13.Bg5 Be7 14.Qe2 a6 15.Bf4 Bd6
16.Rad1 b6 17.Bg5 Be7 18.Bf4 Bb7 19.Rfe1 Bd6 20.h3 Nf3+ 21.Qxf3 Bxf4 22.Ne2 Be5
23.c3 Nd7 24.Qh5 g6 25.Qh4 Rfd8 26.Nbd4 Bg7 27.Rf1 Ne5 28.Ng3 Nxd3 29.Rxd3 e5
30.Ndf5 Rxd3 31.Nh5 gxf5 32.Nxg7 Qd8 33.Qh6 Rd6  0-1

[Event "22nd SEA Games Standard"]
[Site "Ho Chi Minh City VIE"]
[Date "2003.12.09"]
[Round "2"]
[White "Yap Choow Tun"]
[Black "Zaw Oo"]
[Result "0-1"]
[WhiteElo "2054"]
[BlackElo "2452"]

1.e4 c5 2.Nf3 Nc6 3.d4 cxd4 4.Nxd4 Qc7 5.Nc3 e6 6.Be3 a6 7.Qd2 Nf6 8.f3 Bb4
9.O-O-O Ne5 10.Bf4 d6 11.Nb3 Ke7 12.Bg5 Bxc3 13.Qxc3 Qxc3 14.bxc3 h6 15.Bf4 Rd8
16.Be2 Nc6 17.Be3 b5 18.c4 bxc4 19.Bxc4 Bd7 20.Rd2 Rdc8 21.Be2 a5 22.a3 e5
23.Kd1 a4 24.Nc1 Na5 25.Ke1 Nc4 26.Bxc4 Rxc4 27.Na2 Rac8 28.Nb4 Rc3 29.Kf2 Rxa3
30.Rhd1 Rc4 31.Rxd6 Rcc3 32.Rxd7+ Nxd7 33.Nd5+ Ke6 34.Nxc3 Rxc3 35.Rc1 f5
36.exf5+ Kxf5 37.g4+ Ke6 38.Ke2 Nf6 39.Kd2 Nd5 40.Re1 Rxe3 41.Rxe3 Nxe3 42.Kxe3 a3  0-1

[Event "CGT Magistral"]
[Site "Buenos Aires ARG"]
[Date "2003.12.11"]
[Round "1"]
[White "Zambrana,O"]
[Black "Coelho,L"]
[Result "1/2-1/2"]
[WhiteElo "2404"]
[BlackElo "2378"]

1.e4 c5 2.Nf3 Nc6 3.d4 cxd4 4.Nxd4 Qc7 5.Nc3 e6 6.Ndb5 Qb8 7.g3 a6 8.Nd4 Qc7
9.Bg2 Nf6 10.O-O Nxd4 11.Qxd4 Bc5 12.Bf4 d6 13.Qd2 h6 14.Rad1 e5 15.Be3 Be6
16.Bxc5 dxc5 17.Nd5 Bxd5 18.exd5 Qd6 19.f4 O-O 20.fxe5 Qxe5 21.c4 Qd6 22.Qf4 Rad8
23.Rfe1 Rfe8 24.Qxd6 Rxd6 25.Rxe8+ Nxe8 26.b4 b6 27.bxc5 bxc5 28.Rb1 Kf8
29.Rb8 Ke7 30.Rc8 Rb6 31.Rxc5 Rb1+ 32.Bf1 Nd6 33.Rc7+ Kd8 34.Ra7 Nxc4 35.Kf2 Rb2+
36.Ke1 Ne3 37.Bxa6 Rxa2 38.d6 Nc2+ 39.Kf1 Nb4 40.Ra8+ Kd7 41.Bb5+ Kxd6 42.Rxa2 Nxa2
43.Bc4 Nc3 44.Bxf7  1/2-1/2

[Event "II Open"]
[Site "San Salvador ESA"]
[Date "2003.12.13"]
[Round "8"]
[White "Zepeda,L"]
[Black "Hernandez Basante,F"]
[Result "1/2-1/2"]
[WhiteElo "2103"]
[BlackElo "2268"]

1.e4 c5 2.Nf3 Nc6 3.d4 cxd4 4.Nxd4 Qc7 5.Be3 Nf6 6.Nc3 e6 7.Bd3 a6 8.a4 Bb4
9.O-O Bxc3 10.bxc3 d5 11.exd5 Nxd5 12.Bd2 Ne5 13.Qe1 O-O 14.f4 Nxd3 15.cxd3 Bd7
16.c4 Qc5 17.Qf2 Nf6 18.Nb3 Qd6 19.Qd4 Qxd4+  1/2-1/2

[Event "CGT Magistral"]
[Site "Buenos Aires ARG"]
[Date "2003.12.20"]
[Round "10"]
[White "Rodriguez,And URU"]
[Black "Coelho,L"]
[Result "1-0"]
[WhiteElo "2498"]
[BlackElo "2378"]

1.e4 c5 2.Ne2 Nc6 3.d4 cxd4 4.Nxd4 Qc7 5.Nc3 e6 6.Be3 a6 7.Qd2 Nf6 8.f4 Bb4
9.Bd3 Na5 10.O-O Nc4 11.Bxc4 Qxc4 12.Qd3 Qxd3 13.cxd3 d6 14.Nb3 d5 15.exd5 Nxd5
16.Nxd5 exd5 17.Rac1 O-O 18.Bc5 Bxc5+ 19.Rxc5 Rd8 20.Nd4 Bd7 21.Re1 Be8 22.Rc7 b6
23.Ree7 Kf8 24.Kf2 Rac8 25.Rxc8 Rxc8 26.Rb7 b5 27.Ra7 Rc1 28.Rxa6 Rb1 29.b3 Rb2+
30.Kf3 Rd2 31.Nf5 Rxd3+ 32.Ke2 Rc3 33.Ra8 Rc6 34.Kd3 g6 35.Ne3 Re6 36.Nxd5 Kg7
37.Nc7 Rd6+ 38.Ke3 Bd7 39.Rd8 Kh6 40.a4 bxa4 41.bxa4 Rd1 42.a5 Re1+ 43.Kd2 Re7
44.Nd5  1-0

[Event "3rd NAO GM"]
[Site "Paris FRA"]
[Date "2003.12.21"]
[Round "7"]
[White "Shchekachev,A"]
[Black "Maze,S"]
[Result "1/2-1/2"]
[WhiteElo "2522"]
[BlackElo "2464"]

1.Nf3 c5 2.e4 Nc6 3.d4 cxd4 4.Nxd4 Qc7 5.Nc3 e6 6.Be2 Nf6 7.O-O a6 8.Be3 Bb4
9.Na4 b5 10.Nxc6 Qxc6 11.Nb6 Rb8 12.e5 Bb7 13.Bf3 Ne4 14.c4 bxc4 15.Rc1 c3
16.bxc3 Be7 17.c4 Qc7 18.c5 f5 19.exf6 Nxf6 20.Nxd7 Qxd7 21.Qxd7+ Nxd7 22.Bxb7 Rxb7
23.c6 Rc7 24.Bf4 e5 25.cxd7+ Rxd7 26.Bxe5 O-O 27.Rc2 Rf5 28.f4 Bd6 29.Rc6 Bxe5
30.fxe5 Rxf1+ 31.Kxf1 Ra7 32.Ke2 Kf7 33.Ke3 a5 34.Ke4 a4 35.Kf5 Rb7 36.Ra6 g6+
37.Ke4 Rb2 38.Rxa4 Rxg2 39.Ra7+ Ke6 40.Ra6+ Ke7  1/2-1/2

[Event "ch-Arab m"]
[Site "Cairo EGY"]
[Date "2003.12.24"]
[Round "5"]
[White "Doghri,N"]
[Black "Khairallah,F"]
[Result "1/2-1/2"]
[WhiteElo "2313"]
[BlackElo "2259"]

1.e4 c5 2.Nf3 Nc6 3.d4 cxd4 4.Nxd4 Qb6 5.Nb3 Nf6 6.Nc3 e6 7.Be3 Qc7 8.f3 Bb4
9.Qd2 d5 10.a3 Bxc3 11.bxc3 O-O 12.Bg5 Nd7 13.exd5 exd5 14.Qxd5 Re8+ 15.Kf2 Qb6+
16.Kg3 Nce5 17.Qd2 Qg6 18.Kf2 Nb6 19.Re1 Bf5 20.Nd4 Nec4 21.Rxe8+ Rxe8 22.Qc1 Nxa3
23.Bd3 Bxd3 24.cxd3 Nd5 25.h4 h6 26.Qxa3 hxg5 27.Qa4 Rf8 28.Qd7 Nf6 29.Qb5 g4
30.Nf5 Kh8 31.f4 g3+ 32.Nxg3 Re8 33.Rf1 Ng4+ 34.Kg1 Qe6 35.Qh5+ Kg8 36.Ne4 f5
37.Ng5 Qe3+ 38.Kh1 Nh6 39.Qf3 Qxf3 40.Nxf3 Re3 41.Ne5 Ng4 42.Nxg4 fxg4 43.Rd1 g3
44.Kg1 Re2 45.d4 Kf7 46.Kf1 Rf2+ 47.Ke1 Rc2 48.Kf1 Rf2+ 49.Kg1 Rxf4 50.Rd3 a5
51.Rxg3 g6 52.h5 gxh5 53.Rg5 b6 54.Rxh5 Ke7 55.Rb5 Rf6 56.c4 Rf4 57.c5 bxc5
58.dxc5 a4 59.Ra5 Rc4 60.Kf2 Kd7 61.Kf3 Ke6 62.Ke3 Kd5 63.Kf3 Ke6 64.g4 a3
65.Kg3 Kf6 66.Kh4 a2 67.Rxa2 Rxc5 68.Ra6+ Kg7 69.Ra7+ Kg6 70.Ra6+ Kg7 71.Ra4 Kg6  1/2-1/2

[Event "ch-Arab m"]
[Site "Cairo EGY"]
[Date "2003.12.28"]
[Round "9"]
[White "Ahmed,Abdu"]
[Black "Khairallah,F"]
[Result "1-0"]
[WhiteElo "2291"]
[BlackElo "2259"]

1.e4 c5 2.Nf3 Nc6 3.d4 cxd4 4.Nxd4 Qb6 5.Nb3 Nf6 6.Nc3 e6 7.Be3 Qc7 8.Bd3 d6
9.f4 a6 10.O-O b5 11.a4 b4 12.Nb1 Be7 13.N1d2 a5 14.Kh1 Bb7 15.Nc4 Nd7 16.Qh5 O-O
17.Rae1 g6 18.Qh3 Bf6 19.f5 exf5 20.exf5 Bg7 21.Bh6 Rfe8 22.Bxg7 Rxe1 23.Rxe1 Kxg7
24.Qh4 Nce5 25.Qd4 Ra6 26.Ne3 Ra8 27.Bb5 Nf6 28.Rf1 Rf8 29.Rd1 Rd8 30.Nc5 Ba8
31.fxg6 hxg6 32.Nd3 Rh8 33.Nf4 Rh4 34.Ne6+ fxe6 35.Qxh4 Qb7 36.Be2 Qc6 37.Qd4 Ne4
38.Bf3 Nf2+ 39.Kg1 Nh3+ 40.Kf1 Qa6+ 41.Be2 Qb7 42.Qh4 Qf7+ 43.Ke1 Nf4 44.Rxd6 Bxg2
45.Ng4 Nxg4 46.Qxg4 Bd5 47.Qg5 Nxe2 48.Qe5+ Kh7 49.Rd8 Qg7 50.Qxg7+ Kxg7
51.Kxe2 Kf6 52.b3 Ke5 53.Ke3 g5 54.Rb8 Kf5 55.Rb5 Kg4 56.Rxa5 Kh3 57.Rxd5 exd5
58.a5 Kxh2 59.a6 g4 60.a7 d4+ 61.Kxd4 g3 62.a8=Q g2 63.Qh8+ Kg3 64.Qe5+ Kf2
65.Qe3+ Kf1 66.Qf3+ Kg1 67.Kc4 Kh2 68.Qxg2+  1-0

[Event "ch-AUS"]
[Site "Adelaide AUS"]
[Date "2003.12.30"]
[Round "2"]
[White "Lane,G"]
[Black "Bjelobrk,I"]
[Result "1-0"]
[WhiteElo "2420"]
[BlackElo "2338"]

1.e4 c5 2.Nf3 Nc6 3.d4 cxd4 4.Nxd4 Qc7 5.Nc3 e6 6.Be2 a6 7.O-O Nf6 8.Kh1 Bb4
9.Bg5 Qd6 10.Nxc6 Qxd1 11.Nxd1 bxc6 12.e5 Ne4 13.Be3 f6 14.f3 Ng5 15.Nf2 Nf7
16.Nd3 Be7 17.f4 a5 18.c4 O-O 19.b3 Rb8 20.Ba7 Ra8 21.Bd4 fxe5 22.fxe5 Nh6
23.Bf3 Nf5 24.Bc5 Bxc5 25.Nxc5 Nh6 26.Rad1 Ra7 27.Rde1 g6 28.g4 Kg7 29.Kg2 Nf7
30.h4 Re8 31.Kg3 Re7 32.Rf2 Nxe5 33.Rxe5 d6 34.Nxe6+ Bxe6 35.Re3 Rac7 36.Rd2 d5
37.Rde2 Kf7 38.cxd5 Bxd5 39.Bxd5+ cxd5 40.Rxe7+ Rxe7 41.Rxe7+ Kxe7 42.Kf4 h5
43.gxh5 gxh5 44.Ke5  1-0

[Event "10th Open"]
[Site "Bosnjaci CRO"]
[Date "2004.01.05"]
[Round "4"]
[White "Sulc,D"]
[Black "Saric,Ib"]
[Result "0-1"]
[WhiteElo "2287"]
[BlackElo "2413"]

1.e4 c5 2.Nf3 Nc6 3.d4 cxd4 4.Nxd4 Qb6 5.Nb3 Nf6 6.Nc3 e6 7.Be3 Qc7 8.f3 Bb4
9.Qd2 O-O 10.O-O-O d5 11.Bg5 dxe4 12.Bxf6 gxf6 13.fxe4 Qe5 14.h4 a5 15.Rh3 a4
16.Nd4 a3 17.b3 Kh8 18.Rf3 Bd7 19.Bb5 Bxc3 20.Rxc3  0-1

[Event "ch-AUS"]
[Site "Adelaide AUS"]
[Date "2004.01.08"]
[Round "9"]
[White "Blazkova,P"]
[Black "Haasse,A"]
[Result "1-0"]
[WhiteElo "2266"]
[BlackElo "2179"]

1.e4 c5 2.Nf3 Nc6 3.d4 cxd4 4.Nxd4 Qc7 5.Nc3 e6 6.Be2 a6 7.O-O Bb4 8.Nxc6 Qxc6
9.Qd4 Bxc3 10.bxc3 Nf6 11.e5 Nd5 12.c4 Ne7 13.Bd3 O-O 14.Ba3 Ng6 15.Bxg6 hxg6
16.Bxf8 Kxf8 17.Qh4 Kg8 18.Qd8+ Kh7 19.f4 Qxc4 20.Rad1 Qc5+ 21.Rf2 g5 22.Qxg5 b5
23.Rd3 Kg8 24.Rg3 Qf8 25.Rh3 Bb7 26.Qh5 f5 27.Qh7+ Kf7 28.Rh6 Qg8 29.Qg6+ Kf8
30.Rh7 Re8 31.Rd2 Bc6 32.Rd3  1-0

[Event "ch-AUS"]
[Site "Adelaide AUS"]
[Date "2004.01.09"]
[Round "10"]
[White "Zhao Zong Yuan"]
[Black "Bjelobrk,I"]
[Result "0-1"]
[WhiteElo "2398"]
[BlackElo "2338"]

1.e4 c5 2.Nf3 Nc6 3.d4 cxd4 4.Nxd4 Qc7 5.Nc3 e6 6.Ndb5 Qb8 7.Be3 a6 8.Bb6 axb5
9.Nxb5 Bb4+ 10.c3 Ba5 11.Nc7+ Qxc7 12.Bxc7 Bxc7 13.Qg4 Kf8 14.Bd3 h5 15.Qe2 Nf6
16.h4 b6 17.O-O Bb7 18.f4 g6 19.Rad1 Rd8 20.e5 Ng4 21.Be4 Kg7 22.b4 f6 23.exf6+ Nxf6
24.Bf3 d5 25.b5 Ne7 26.Rd4 Nf5 27.Ra4 Ra8 28.Rxa8 Rxa8 29.Re1 Bxf4 30.Qxe6 Bd6
31.c4 Bc5+ 32.Kh1 Re8 33.Qxe8 Nxe8 34.Rxe8 dxc4 35.Bxb7 Nd6 36.Re2 Nxb7 37.Rc2 Nd6
38.g3 Kf6 39.Kg2 Ke5  0-1

[Event "1st WinTV Open"]
[Site "Chennai IND"]
[Date "2004.01.21"]
[Round "1"]
[White "Jayashree,P"]
[Black "Sareen,V"]
[Result "0-1"]
[WhiteElo "2042"]
[BlackElo "2371"]

1.e4 c5 2.Nf3 Nc6 3.d4 cxd4 4.Nxd4 Qb6 5.Nb3 Qc7 6.Nc3 e6 7.Nb5 Qb8 8.Be3 Nf6
9.Bd3 a6 10.N5d4 d5 11.exd5 Nxd5 12.O-O Nxe3 13.fxe3 Bd6 14.Nf3 h6 15.h3 O-O
16.Nbd4 Qc7 17.c3 Ne7 18.Nh4 Bg3 19.Qh5 Qe5 20.Qxe5 Bxe5 21.Nhf3 Bc7 22.e4 b6
23.Rae1 Bb7 24.e5 Rad8 25.Be4 Bxe4 26.Rxe4 b5 27.Rfe1 Rd5 28.Kf1 Bb6 29.a3 Rc8
30.R1e2 g5 31.Re1 Nf5 32.Nxf5 exf5 33.R4e2 f4 34.Rd2 Rxd2 35.Nxd2 Kg7 36.Ne4 Re8
37.Nd6 Re6 38.Nf5+ Kg6 39.Nd4 Bxd4 40.cxd4 f6 41.exf6 Rxe1+ 42.Kxe1 Kxf6
43.Ke2 Kf5 44.Kd3 h5 45.b3 a5 46.a4 b4 47.Kc4 g4 48.Kd3 g3 49.Ke2 Ke4  0-1

[Event "1st WinTV Open"]
[Site "Chennai IND"]
[Date "2004.01.22"]
[Round "2"]
[White "Sai,Sr"]
[Black "Iskusnyh,S"]
[Result "0-1"]
[WhiteElo "2264"]
[BlackElo "2482"]

1.e4 c5 2.Nf3 Nc6 3.d4 cxd4 4.Nxd4 Qb6 5.Nb3 Nf6 6.Nc3 e6 7.Be3 Qc7 8.a3 Be7
9.f4 d6 10.Bd3 a6 11.O-O b5 12.Qf3 Bb7 13.Qg3 h5 14.h3 g6 15.Qf2 Rc8 16.Rad1 Qb8
17.Rde1 h4 18.Nd4 Nxd4 19.Bxd4 Rh7 20.e5 Nh5 21.exd6 Qxd6 22.Rd1 Ng3 23.Rfe1 Qc7
24.Ne2 Nf5 25.Bxf5 gxf5 26.c3 Rh6 27.Kh2 Rg6 28.Rg1 Bd5 29.Nc1 Rg3 30.Ne2 Rg6
31.Nc1 f6 32.Qxh4 Kd7 33.Qf2 Rcg8 34.g3 Kc8 35.Nd3 Rh6 36.h4 Rg4 37.Be3 Bd6
38.Nb4 Rh7 39.Nd3 Be4 40.Nc5 Bxc5 41.Bxc5 e5 42.Be3 exf4 43.Bxf4 Rhxh4+ 44.gxh4 Rxf4
45.Rg8+ Kb7 46.Qg3 Rxh4+ 47.Kg1 Qxg3+ 48.Rxg3 Rh1+  0-1

[Event "1st WinTV Open"]
[Site "Chennai IND"]
[Date "2004.01.27"]
[Round "8"]
[White "Sai,Sr"]
[Black "Hamid,R"]
[Result "1/2-1/2"]
[WhiteElo "2264"]
[BlackElo "2101"]

1.e4 c5 2.Nf3 Nc6 3.d4 cxd4 4.Nxd4 Qc7 5.Be3 e6 6.Nc3 Nf6 7.a3 a6 8.Be2 Be7
9.f4 d6 10.O-O O-O 11.Kh1 Nxd4 12.Bxd4 e5 13.Be3 exf4 14.Bxf4 Be6 15.Nd5 Bxd5
16.exd5 b5 17.c3 Nd7 18.a4 Rab8 19.axb5 axb5 20.Bxb5 Rxb5 21.Qe2 Rxd5 22.Qxe7 Qc6
23.Qe2 Ne5 24.Rad1 Re8 25.Rxd5 Qxd5 26.Rd1 Qc6 27.Bxe5 dxe5 28.c4 e4 29.b4 e3
30.c5 g6 31.h3 h5 32.Rc1 Qa4 33.Rb1 Qc6 34.Rc1 Qa4 35.Rb1 Qc6 36.Kg1 Qe4
37.Rb3 Qd4 38.Rb1 Re6 39.Kh2 Qf4+ 40.Kg1 Qe4 41.Rb3 Re5 42.b5 Qd5 43.Rxe3 Qxc5
44.Kf2 Kg7 45.Qd3 Rd5 46.Qc3+ Qxc3 47.Rxc3 Rxb5 48.Kf3 g5 49.Ra3 Rf5+ 50.Kg3 Rf4
51.Ra2 h4+ 52.Kh2 Kg6 53.Kg1 f6 54.Rb2 Kf5 55.Re2 Rb4 56.Kf2 Kf4 57.Rc2 f5
58.Ra2 g4 59.hxg4 fxg4 60.g3+ hxg3+ 61.Kg2 Rb3 62.Ra4+ Kg5 63.Ra8 Kh4 64.Rh8+ Kg5
65.Ra8 Rf3 66.Rg8+ Kh5 67.Rh8+ Kg5 68.Rg8+ Kf4 69.Rf8+ Ke3 70.Re8+  1/2-1/2

[Event "1st WinTV Open"]
[Site "Chennai IND"]
[Date "2004.01.27"]
[Round "8"]
[White "Timoshenko,G"]
[Black "Iskusnyh,S"]
[Result "0-1"]
[WhiteElo "2564"]
[BlackElo "2482"]

1.e4 c5 2.Nf3 Nc6 3.d4 cxd4 4.Nxd4 Qb6 5.Nb3 Nf6 6.Nc3 e6 7.Bd3 a6 8.O-O Qc7
9.f4 d6 10.Qe2 Be7 11.Bd2 b5 12.a4 b4 13.Nd1 O-O 14.Kh1 a5 15.c4 Bb7 16.Ne3 Rad8
17.Nc2 Rfe8 18.Ncd4 Nxd4 19.Nxd4 e5 20.Nb5 Qc6 21.Rac1 Nd7 22.f5 Nc5 23.Bc2 b3
24.Bb1 Nxa4 25.Bxa5 Ra8 26.Bb4 Rec8 27.f6 Bxf6  0-1

[Event "Open"]
[Site "Marianske Lazne CZE"]
[Date "2004.01.27"]
[Round "4"]
[White "Valenta,V jr"]
[Black "Skytte,R"]
[Result "0-1"]
[WhiteElo "2209"]
[BlackElo "2401"]

1.e4 c5 2.Nf3 Nc6 3.d4 cxd4 4.Nxd4 Qc7 5.Nc3 e6 6.Be2 a6 7.O-O b5 8.Nxc6 dxc6
9.a3 Bb7 10.Bf3 Bd6 11.g3 Nf6 12.Bg2 Be5 13.Ne2 Rd8 14.Qe1 c5 15.Bd2 Qc6
16.Ba5 Rd7 17.Bc3 Bxc3 18.Qxc3 O-O 19.Nf4 Qc7 20.Rfe1 Rfd8 21.Qe3 c4 22.e5 Ng4
23.Qe2 Nh6 24.Rad1 Nf5 25.Bxb7 Qxb7 26.c3 h6 27.Ng2 Rxd1 28.Rxd1 Rxd1+ 29.Qxd1 Qe4
30.Qe1 Qc2 31.g4 Ne7 32.Nf4 Qxb2 33.Qe3 Qxa3 34.Kg2 Qa5 35.Qa7 Qd8 36.Qxa6 Nd5
37.Ne2 Qg5 38.h3 Qxe5  0-1

[Event "IM"]
[Site "Marianske Lazne CZE"]
[Date "2004.01.27"]
[Round "4"]
[White "Cernousek,L"]
[Black "Hasangatin,R"]
[Result "1/2-1/2"]
[WhiteElo "2375"]
[BlackElo "2515"]

1.e4 c5 2.Nf3 Nc6 3.d4 cxd4 4.Nxd4 Qc7 5.Nc3 e6 6.Be3 a6 7.Bd3 Nf6 8.O-O Nxd4
9.Bxd4 Bc5 10.Bxc5 Qxc5 11.Qd2 d6 12.a4 Bd7 13.Kh1 O-O 14.a5 Bc6 15.Na4 Qh5
16.f3 Rad8 17.Rfe1 Nd7 18.Bf1 d5 19.exd5 Bxd5 20.Qe3 Bc6 21.b4 Nf6 22.c4 Bxa4
23.Rxa4 Rd7 24.Ra3 Rfd8 25.Rd3 Qh4 26.g3 Rxd3 27.Bxd3 Qd4 28.Qxd4 Rxd4 29.Rd1 Kf8
30.Kg2 Nd7 31.Kf2 Ne5 32.Ke3 Rd8 33.Rd2 Ke7  1/2-1/2